200 Biggest cities in Canada - Statistics

General Stats
  • This quiz has been taken 51 times
  • The average score is 76 of 198
Answer Stats
Population City % Correct
2,794,356 Toronto
97%
1,762,949 Montréal
94%
1,017,449 Ottawa
94%
662,248 Vancouver
94%
1,306,784 Calgary
91%
1,010,889 Edmonton
91%
549,459 Québec
91%
91,867 Victoria
91%
439,819 Halifax
88%
569,353 Hamilton
88%
69,895 Saint John
88%
110,525 St John's
88%
256,885 Kitchener
85%
717,961 Mississauga
85%
226,404 Regina
85%
266,141 Saskatoon
85%
249,125 Burnaby
82%
422,324 London
82%
79,470 Moncton
82%
749,607 Winnipeg
82%
20,340 Yellowknife
82%
656,480 Brampton
79%
438,366 Laval
79%
94,415 Niagara Falls
79%
568,322 Surrey
79%
108,843 Thunder Bay
79%
229,660 Windsor
79%
338,503 Markham
76%
144,576 Kelowna
73%
175,383 Oshawa
73%
72,051 Sault Ste Marie
73%
166,004 Sudbury
73%
323,103 Vaughan
73%
28,201 Whitehorse
73%
186,948 Burlington
70%
63,116 Fredericton
70%
47,918 Kings
70%
132,485 Kingston
70%
98,406 Lethbridge
70%
209,937 Richmond
70%
172,950 Sherbrooke
70%
139,163 Trois-Rivières
70%
38,809 Charlottetown
67%
97,902 Kamloops
67%
121,436 Waterloo
67%
153,524 Abbotsford
64%
147,829 Barrie
64%
291,041 Gatineau
64%
100,844 Red Deer
64%
143,740 Guelph
61%
83,651 Peterborough
61%
51,313 Brandon
58%
254,483 Longueuil
58%
99,863 Nanaimo
58%
58,120 North Vancouver
58%
76,708 Prince George
58%
202,022 Richmond Hill
58%
136,803 St. Catharines
58%
39,474 Brant
55%
104,688 Brantford
55%
149,683 Lévis
55%
63,271 Medicine Hat
55%
144,723 Saguenay
55%
79,258 Drummondville
52%
55,071 Belleville
48%
138,479 Cambridge
45%
69,025 Granby
45%
33,665 Moose Jaw
45%
52,662 North Bay
45%
99,186 Pickering
45%
72,047 Sarnia
45%
93,203 Chilliwack
42%
28,963 Langley
42%
74,100 Airdrie
39%
148,625 Coquitlam
39%
47,845 Cornwall
39%
108,455 Delta
39%
64,141 Grande Prairie
39%
48,935 Rimouski
39%
55,750 Welland
39%
61,498 Port Coquitlam
36%
97,873 Saint-Jean-sur-Richelieu
36%
80,213 Saint-Jérome
36%
49,620 Shawinigan
36%
119,944 Terrebonne
36%
93,694 Cape Breton
33%
78,916 New Westminster
33%
86,100 Repentigny
33%
32,935 Saint-Georges
33%
68,232 St. Albert
33%
19,333 Corner Brook
30%
79,247 Kawartha Lakes
30%
41,519 Mission
30%
41,145 Timmins
30%
32,752 Val-d'Or
30%
44,519 Vernon
30%
47,760 Victoriaville
30%
91,525 Brossard
27%
61,108 Mirabel
27%
37,756 Prince Albert
27%
20,118 Rivière-du-Loup
27%
57,239 Saint-Hyacinthe
27%
24,569 Sept-Îles
27%
33,232 Stratford
27%
42,840 St. Thomas
27%
21,939 White Rock
27%
46,705 Woodstock
27%
21,104 Beloeil
24%
59,819 Blainville
24%
22,116 Brockville
24%
31,444 Chambly
24%
50,815 Chateauguay
24%
20,499 Cranbrook
24%
21,384 Joliette
24%
34,094 Leduc
24%
90,990 Maple Ridge
24%
36,885 Penticton
24%
17,347 Sainte-Catherine
24%
42,787 Salaberry-de-Valleyfield
24%
30,331 Alma
21%
20,687 Baie-Comeau
21%
28,420 Courtenay
21%
48,403 Dollard-des-Ormeaux
21%
21,465 Fort St. John
21%
19,739 Lloydminster
21%
28,312 Magog
21%
51,183 Mascouche
21%
17,692 Miramichi
21%
21,612 Owen Sound
21%
18,259 Port Alberni
21%
33,535 Port Moody
21%
22,761 Saint-Lambert
21%
19,432 Salmon Arm
21%
35,165 Sorel-Tracy
21%
37,645 Spruce Grove
21%
16,001 Summerside
21%
26,072 Thetford Mines
21%
19,277 Beaconsfield
18%
41,743 Boucherville
18%
22,997 Candiac
18%
19,302 Dorval
18%
16,437 Edmundston
18%
27,088 Fort Saskatchewan
18%
46,584 Langford
18%
26,406 La Prairie
18%
67,490 Norfolk County
18%
33,411 Orillia
18%
19,146 Pitt Meadows
18%
20,033 Port Colborne
18%
42,313 Rouyn-Noranda
18%
29,954 Saint-Constant
18%
43,268 Vaudreuil-Dorion
18%
20,888 Beaumont
15%
35,519 Campbell River
15%
18,772 Camrose
15%
17,915 Deux-Montagnes
15%
33,488 Pointe-Claire
15%
46,560 Quinte West
15%
26,273 Saint-Bruno-de-Montarville
15%
30,045 Sainte-Julie
15%
26,533 Sainte-Thérèse
15%
45,276 Saint-Eustache
15%
36,078 West Kelowna
15%
19,658 Westmount
15%
28,308 Boisbriand
12%
27,168 Conception Bay South
12%
34,504 Côte-Saint-Luc
12%
28,114 Dieppe
12%
19,413 Kirkland
12%
23,442 L'Assomption
12%
17,806 Steinbach
12%
16,750 Swift Current
12%
21,198 Varennes
12%
19,964 Cumberland
9%
49,216 Haldimand County
9%
20,953 Mont-Royal
9%
18,859 Mont-Saint-Hilaire
9%
22,477 Mount Pearl
9%
22,957 Paradise
9%
25,704 Prince Edward County
9%
17,053 Saint-Basile-le-Grand
9%
19,797 Sainte-Marthe-sur-le-Lac
9%
22,354 Saint-Lazare
9%
24,030 Saint-Lin-Laurentides
9%
36,044 Colchester
6%
18,961 Colwood
6%
22,897 East Hants
6%
16,970 L'Ancienne-Lorette
6%
25,545 Lunenburg
6%
20,676 Pictou
6%
17,740 Saint-Colomban
6%
23,816 Thorold
6%
19,509 West Hants
6%
16,280 Yorkton
6%
18,834 Annapolis
3%
22,163 Chestemere
3%
26,505 Clarence-Rockland
3%
19,907 Saint-Augustin-des-Maures
3%
No matching quizzes found
Score Distribution
Percent of People with Each Score
Percentile by Number Answered
Your Score History
You have not taken this quiz